000 00405nss a2200181 a 4500
003 AR-X00000XY
005 20251128212028.0
008 187020s1966 ||||||||||||||000 | spa||
040 _cAR-X00000XY
245 1 0 _aSur
260 _aBuenos Aires
_c1966
300 0 _a127 p.
310 _aBimensual
655 _aLITERATURA
700 1 _aOcampo, Victoria
_edirector
942 _cCR
998 _cmartin
999 _c22152
_d22152